[Event "Riga zt"]
[Site "Riga"]
[Date "1995.??.??"]
[Round "9"]
[White "Kaunas, Kestutis"]
[Black "Piesina, Gintautas"]
[Result "1-0"]
[WhiteElo "2415"]
[BlackElo "2400"]
[Annotator "Chekhov,V"]
[PlyCount "89"]
[EventDate "1995.03.??"]
[EventType "tourn"]
[EventRounds "13"]
[EventCountry "LAT"]
[EventCategory "10"]
[SourceTitle "CBM 047"]
[Source "ChessBase"]
[SourceDate "1995.08.01"]
[SourceVersion "1"]
[SourceVersionDate "1995.08.01"]
[SourceQuality "1"]

1. d4 Nf6 2. c4 e6 3. Nf3 c5 4. d5 exd5 5. cxd5 d6 6. Nc3 g6 7. Bf4 a6 8. e4
Bg7 (8... Qe7 $5 9. Be2 Nbd7 10. O-O b5 {Komarov,D-Agapov,V/URS/1987/0:1/45/}
11. Re1 Ng4 $1 $10) 9. Qa4+ Bd7 10. Qb3 Bg4 $5 (10... b5 $5 11. Bxd6 b4 12. Na4
Nxe4 13. Qe3 Bxa4 $1 14. Qxe4+ Kd7 15. Be5 Re8 16. b3 {Krasenkov,M-Shabalov,A/
URS/1987/0:1/34/} f5 $1 (16... Qe7 $1) 17. Qf4 Qe7 $17) (10... Qc7 $2 11. e5
$16) 11. Qxb7 Bxf3 12. gxf3 (12. Qxa8 Nxe4 $1 $13) 12... Nh5 13. Bg3 (13. Qxa8
Nxf4 $44) 13... Nxg3 14. hxg3 Nd7 15. Qb3 $5 {N/} (15. Bh3 Ne5 16. f4 Nf3+ 17.
Kf1 O-O 18. Kg2 Nd4 $15 {Forintos,G-Szalanczy,E/HUN/1983/}) 15... Rb8 16. Qc2
Qf6 (16... Qb6 $5 17. Rb1 (17. b3 Qb4 18. Rc1) 17... Qb4) 17. Bxa6 (17. Be2 $2
Rxb2 $1 $19) 17... Qxf3 18. O-O Bd4 $6 (18... h5 $5) (18... O-O $5) 19. Ne2 $1
Be5 (19... Rxb2 $2 20. Nxd4 $18) (19... Bxb2 20. Rab1) 20. Rab1 Nf6 21. Nc3 Qh5
(21... O-O $2 22. Be2 $18) 22. Kg2 g5 23. Nd1 $1 (23. Bb5+ Ke7 24. Be2 g4 25.
Rh1 Qg6) 23... g4 24. Rh1 Qg6 25. Ne3 O-O (25... Qxe4+ 26. Qxe4 Nxe4 27. Nxg4)
(25... Nxe4 26. Bd3 f5 27. Nxf5 Qxf5 28. Bxe4 $16) 26. Nf5 $18 Kh8 27. b3 Rfe8
28. a4 Bd4 29. Bd3 Re5 30. a5 Rxf5 31. exf5 Qg8 32. Bc4 Nd7 33. Rh6 Bg7 (33...
f6 34. Rbh1 Nf8 35. a6 $18) 34. Rxd6 Qe8 35. Rh1 Nf6 36. a6 Qe5 37. Rc6 Ne4 38.
f6 $1 Bxf6 39. a7 Ra8 40. Rc7 Qxc7 (40... Kg8 41. d6 $18) 41. Qxe4 Kg8 42. d6
Qd8 43. Rxh7 Kf8 44. Rxf7+ Kg8 45. Qh7# 1-0

[Event "St Petersburg zt"]
[Site "St Petersburg"]
[Date "1993.??.??"]
[Round "7"]
[White "Ibragimov, Ildar"]
[Black "Pigusov, Evgeny"]
[Result "0-1"]
[WhiteElo "2540"]
[BlackElo "2575"]
[Annotator "Chekhov,V"]
[PlyCount "72"]
[EventDate "1993.01.??"]
[EventType "swiss"]
[EventRounds "9"]
[EventCountry "RUS"]
[SourceTitle "CBM 034"]
[Source "ChessBase"]
[SourceDate "1993.06.01"]
[SourceVersion "1"]
[SourceVersionDate "1993.06.01"]
[SourceQuality "1"]

1. d4 Nf6 2. c4 c5 3. d5 e6 4. Nc3 exd5 5. cxd5 d6 6. e4 g6 7. Bd3 Bg7 8. h3
O-O 9. Nf3 a6 10. O-O $5 (10. a4 $5 Re8 11. O-O Nbd7 12. Re1 $1 (12. Bf4 $6 Nh5
13. Bxd6 Qb6) 12... Nh5 13. Bg5 Bf6 14. Be3 $14 {Epishin,V-Chekhov,V/Warszawa/
1990/}) 10... b5 11. Bf4 $5 (11. a3 $5) 11... Re8 12. Re1 Ra7 13. a3 Rae7 14.
Qc2 Nh5 15. Bg5 Bf6 16. Bxf6 Nxf6 17. b4 Nbd7 18. Qd2 Kg7 19. Rac1 Qb6 20. Qb2
Kg8 21. Bb1 Bb7 22. Qd2 Kg7 23. Qb2 Kg8 24. Re3 Nh5 $1 25. a4 c4 (25... bxa4
26. Nxa4 Qxb4 27. Rb3 Qxa4 28. Rxb7 $44) 26. a5 Qa7 27. Qd2 Ne5 28. Nd4 Nf4 29.
Rg3 Nfd3 30. Nf5 (30. Bxd3 Qxd4 (30... Nxd3 31. Nf5 Nxc1 32. Qxc1 $40) 31. Ne2
Qa7 32. Bc2 $14) 30... Nxc1 31. Qxc1 (31. Qh6 f6) 31... Bc8 $1 (31... Rd7 $2
32. Qg5 $1 {/\ Qf6|^}) 32. Nxe7+ (32. Nxd6 Rd8 $15) 32... Qxe7 33. Qe3 (33. Qd2
$5 {/\ Ne2-d4}) (33. Qf4 $5) 33... Qf6 34. Qg5 $6 (34. Ne2 $142) 34... Qg7 35.
Qe3 $6 (35. Qd2 $1) 35... Nd3 36. Bxd3 $4 (36. Qd2 Nxb4 37. Nxb5 axb5 38. Qxb4
Qa1 39. Qxb5 Rxe4 $13) 36... Qxc3 0-1

[Event "Reykjavik"]
[Site "Reykjavik"]
[Date "1984.01.??"]
[Round "?"]
[White "Hjartarson, Johann"]
[Black "Sigurjonsson, Gudmundur"]
[Result "1-0"]
[WhiteElo "2415"]
[BlackElo "2470"]
[Annotator "Chekhov,V"]
[PlyCount "81"]
[EventDate "1984.01.??"]
[EventType "tourn"]
[EventRounds "11"]
[EventCountry "ISL"]
[EventCategory "8"]
[SourceTitle "MCL"]
[Source "ChessBase"]
[SourceDate "1999.07.01"]
[SourceVersion "1"]
[SourceVersionDate "1999.07.01"]
[SourceQuality "1"]

1. d4 Nf6 2. c4 e6 3. Nf3 c5 4. d5 exd5 5. cxd5 d6 6. Nc3 g6 7. Bf4 Bg7 8. Qa4+
Bd7 9. Qb3 Qc7 (9... b5 $5 10. Nxb5 (10. Bxd6 Qb6 11. Be5 O-O $44) 10... Qa5+
11. Nc3 Ne4 $5 $13 (11... Nxd5 $5 $13)) 10. e4 O-O 11. Be2 Nh5 12. Be3 Bg4 13.
h3 Bxf3 14. Bxf3 Nf6 $6 (14... Nd7 $5 15. Bxh5 gxh5 16. O-O Rac8 $14 {Timman,
J-Ljubojevic,L/Amsterdam/1972/}) 15. e5 $1 dxe5 16. d6 Qxd6 17. Rd1 (17. Bxb7
Nc6 18. Bxa8 Rxa8 {P d4~/=}) 17... Qe7 18. Qxb7 (18. Bxb7 $5 Nbd7 19. Bxa8 Rxa8
20. O-O $16) 18... Nbd7 19. Nd5 $1 Nxd5 (19... Qe6 20. Nc7 $18) 20. Rxd5 Rad8 (
20... Rfd8 21. Rxd7 $18) 21. O-O Bf6 22. Qxa7 $16 e4 23. Be2 Nb6 24. Qxe7 Bxe7
25. Re5 Bd6 (25... Bf6 26. Rxe4 Rfe8 27. Rxe8+ Rxe8 28. Bb5 Rc8 29. b3 $18) 26.
Rxe4 f5 27. Re6 (27. Rh4 $2 f4 $13) 27... Kf7 (27... f4 28. Rxd6) 28. Rxd6 Rxd6
29. Bxc5 Rd2 30. Bxf8 Rxe2 $6 (30... Kxf8 $5 31. Bd1 (31. Bf3 Rxb2 32. Ra1 Na4
33. Bc6 Rb4) 31... Rxb2 32. Bb3 Nd7 33. Rc1 Ke7) 31. Bc5 Rxb2 (31... Na4 32.
Bd4 Nxb2 33. Bxb2 Rxb2 34. Ra1 Rb5 35. a4 Ra5 36. Kf1) 32. Bd4 Rb4 33. Bc5 Rb5
34. Bxb6 Rxb6 35. a4 Ke6 (35... Ra6 $5 36. Ra1 Ra5) 36. a5 Ra6 37. Ra1 $18 Kd5
38. Kh2 f4 39. Ra4 Ke5 (39... g5 40. h4 g4 (40... h6 41. hxg5 hxg5 42. Kh3 $18)
41. Rxf4 $18) 40. Kg1 g5 41. Kf1 (41. Kf1 h5 42. Ke2 g4 43. hxg4 hxg4 44. Kd3
$18) 1-0

[Event "POL-chT 51st"]
[Site "Lubniewice"]
[Date "1995.??.??"]
[Round "7"]
[White "Ivanov, Sergey"]
[Black "Kaminski, Marcin"]
[Result "1-0"]
[WhiteElo "2545"]
[BlackElo "2495"]
[Annotator "Chekhov,V"]
[PlyCount "87"]
[EventDate "1995.09.14"]
[EventType "team-tourn"]
[EventRounds "11"]
[EventCountry "POL"]
[SourceTitle "EXT 1997"]
[Source "ChessBase"]
[SourceDate "1996.11.15"]
[SourceVersion "1"]
[SourceVersionDate "1996.11.15"]
[SourceQuality "1"]
[WhiteTeam "Bielsko-Biala Wlokniarz"]
[BlackTeam "Wroclaw Hetman"]
[WhiteTeamCountry "POL"]
[BlackTeamCountry "POL"]

1. d4 Nf6 2. c4 g6 3. Nc3 Bg7 4. e4 d6 5. h3 O-O 6. Bg5 c5 (6... h6 7. Be3 e5
8. d5 Na6 9. Bd3 c6 10. Qd2 cxd5 11. cxd5 Kh7 12. g4 Ng8 13. Nf3 Nc5 14. Bc2 a5
15. Rg1 Bd7 16. h4 b5 17. h5 g5 18. Qe2 b4 19. Bxc5 bxc3 20. Bxd6 cxb2 21. Rb1
$16 {Polgar,Z-Wang,P/Shanghai/1992/1|0/35/}) (6... c6 7. Bd3 e5 (7... Qb6 $6 8.
Na4 Qa5+ 9. Bd2 Qc7 10. Nf3 e5 11. dxe5 dxe5 12. O-O Rd8 13. Qc2 b6 14. b4 Nbd7
15. Rfd1 Bb7 16. c5 $16 {Bareev,E-Kozul,Z/Biel/1993/1|0/48/}) 8. d5 Na6 9. Nge2
Nc5 10. Bc2 Qb6 11. O-O cxd5 12. cxd5 Bd7 13. Rb1 a5 14. Qd2 Rfc8 15. Kh1 Qd8
16. a3 a4 17. Rbe1 Ra6 18. Nc1 Qa5 $132 {Ivanchuk,V-Kasparov,G/Novgorod/1994/0,
5/29/}) 7. d5 Qa5 (7... b5 8. cxb5 Qa5 9. Bd3 a6 10. b6 $5 (10. Bd2 $5) 10...
Nbd7 11. Nf3 Qxb6 12. Rb1 Re8 13. O-O Bb7 14. Re1 Rac8 15. Qc1 Nf8 16. Bc2 N6d7
17. Ba4 Qc7 18. Qd2 $16 {Ivanchuk,V-Wiston/Moscow/1994/1|0/31/}) (7... e6 8.
Bd3 exd5 9. cxd5 (9. exd5 $5) 9... a6 (9... h6 10. Be3 b5 11. Nxb5 Re8 12. Nc3
Nxe4 13. Nxe4 f5 14. Ne2 fxe4 15. Bc2 Ba6 16. O-O Nd7 17. Re1 Bxb2 18. Rb1 Bg7
19. Nf4 Nf8 20. Bd2 Bd4 21. Bxe4 Qf6 22. Rb3 g5 23. Rf3 $1 $40 {Chernin,
A-Sznapik,A/Budapest/1993/1|0/30/}) 10. a4 Nbd7 11. Nf3 Qc7 12. O-O Rb8 13. Re1
c4 14. Bf1 Re8 15. Rc1 $16 {Polgar,Z-Nunn,J/Monaco/1994/0,5/57/}) 8. Bd2 e6 9.
Bd3 exd5 10. cxd5 (10. exd5 $5 Nbd7 11. f4 a6 12. a4 Qd8 13. Nge2 b6 14. O-O
Ne8 15. Kh1 f5 16. Qc2 Nc7 17. a5 $1 $16 {Chernin,A-Arduman,C/San Bernardino
Brocco/1992/1|0/31/}) 10... a6 (10... Re8 $5 11. Nf3 (11. Nge2 $5) 11... c4 12.
Bc2 Nxd5 13. Nxd5 Qxd5 14. O-O Qh5 15. Bc3 Nc6 16. Re1 (16. Bxg7 Kxg7 17. Nd4
Qxd1 $6 (17... Qe5 $17) 18. Raxd1 $146) (16. Qxd6 Bxc3 17. bxc3 Bxh3 $17) 16...
Be6 $15 {Bilciu,C-Van Der Weide,K/Groningen/1994/0|1/29/}) 11. Nf3 Qc7 (11...
b5 $4 12. Nxb5) 12. a4 c4 $5 {/N/} (12... Nbd7 $5 13. O-O Nh5 14. Be3 (14. g4
$5) 14... Rb8 15. Nd2 Qd8 16. Nf3 Qe7 17. Re1 Ne5 $132 {Lazarev,V-Mrdja,M/
Cannes/1995/1|0/38/}) 13. Bc2 Nbd7 14. O-O Re8 15. Re1 Nc5 16. Bf4 Bd7 17. a5 (
17. e5 $6 Nh5 (17... dxe5 18. Bxe5 Qb6 19. Qd4 Qxb2 20. Ra2 $18) 18. Bh2 (18.
exd6 Rxe1+ 19. Qxe1 Qb6 $36) 18... dxe5 19. d6 Qb6 20. Nxe5 Qxb2) 17... b5 18.
e5 (18. axb6 Qxb6 19. Ra2 $14) 18... Nh5 (18... dxe5 19. Bxe5 Qc8 20. Qd4 $16)
19. exd6 Qb8 20. Rxe8+ Qxe8 21. Be3 (21. Bh2 $6 b4 22. Na4 Nxa4 23. Bxa4 Bxb2)
21... Nb7 22. Bd4 Nxd6 23. Bxg7 Nxg7 24. Qd2 b4 25. Re1 Qd8 (25... Qf8 $5) 26.
Ne4 Nxe4 27. Rxe4 Rc8 (27... b3 $5 28. Bd1 Rc8 $132) 28. Rh4 (28. Qxb4 Bf5 29.
Re2 Qxd5 $10) 28... b3 29. Bb1 c3 $6 (29... Qf6 $5 30. Qh6 Nf5 31. Qxh7+ Kf8
32. Bxf5 Bxf5 $132) (29... h5 $5 30. Qh6 Nf5 31. Bxf5 Bxf5 32. Ng5 Qf6) 30.
bxc3 h5 (30... Qxa5 31. Qh6 Qxc3 32. Qxh7+ Kf8 33. d6 Nf5 34. Bxf5 Bxf5 35. Rd4
$18) 31. Rb4 (31. c4 Bf5 $1 $132) 31... Qxa5 32. Rxb3 Qc5 33. Rb7 Bf5 (33...
Qxc3 34. Qxc3 Rxc3 35. Bxg6 Be8 36. Bb1 $16) 34. Bxf5 Nxf5 35. Ne5 Nd6 36. Rd7
$18 Nc4 (36... a5 37. Nxg6 fxg6 38. Qh6 $18) 37. Qf4 Nxe5 38. Qxe5 a5 (38...
Qxc3 39. Rd8+ Kh7 40. Rh8+ Rxh8 41. Qxc3 $18) 39. Qf6 Rf8 40. d6 a4 41. Rd8
Rxd8 42. Qxd8+ Kg7 43. d7 Qxc3 44. Qb8 1-0

[Event "Capablanca Memorial-20 Group A"]
[Site "Cienfuegos"]
[Date "1985.??.??"]
[Round "1"]
[White "Bellon Lopez, Juan Manuel"]
[Black "Klinger, Josef"]
[Result "1-0"]
[WhiteElo "2445"]
[BlackElo "2495"]
[Annotator "ChessBase"]
[PlyCount "77"]
[EventDate "1985.05.22"]
[EventType "tourn"]
[EventRounds "13"]
[EventCountry "CUB"]
[EventCategory "9"]
[SourceTitle "MCL"]
[Source "ChessBase"]
[SourceDate "1999.07.01"]
[SourceVersion "1"]
[SourceVersionDate "1999.07.01"]
[SourceQuality "1"]

1. d4 Nf6 2. c4 e6 3. Nc3 c5 4. d5 exd5 5. cxd5 d6 6. Nf3 g6 7. Bf4 Bg7 8. Qa4+
Bd7 9. Qb3 Qc7 (9... b5 $5) 10. e4 O-O 11. Nd2 Nh5 12. Be3 f5 (12... Bd4 13.
Nb5 $1 Bxb5 14. Bxb5 a6 15. Be2 Bxe3 16. Qxe3 $16) 13. exf5 gxf5 14. Be2 f4 15.
Bxc5 f3 $5 (15... Na6 16. Ba3 Rae8 17. Nce4 $16) (15... Qxc5 16. Bxh5 $16) 16.
Bxf3 Qxc5 (16... Rxf3 17. gxf3 $1 Qxc5 18. Qxb7 $16 {Kortschnoj,V-Nunn,J/
London/1984/1-0/41/}) 17. Nde4 $1 (17. Nce4 $2 Rxf3 $1 18. Qxf3 (18. Qxb7 Qb6
$17) 18... Qxd5 $17 19. g4 Qe6 $1 20. gxh5 d5) 17... Bxc3+ 18. bxc3 Re8 19. O-O
Qc7 (19... Rxe4 $2 20. Qxb7 $18) 20. Rfe1 $1 Rxe4 21. Rxe4 Ng7 22. Rc4 $1 Qb6
23. Rb4 Qd8 24. Rxb7 $18 a5 25. Be2 Bf5 26. g4 Bg6 27. Qb6 $1 Qxb6 28. Rxb6 Ne8
29. Bb5 Nc7 30. c4 Nxb5 31. cxb5 Nd7 32. Rxd6 Ne5 33. Rc1 Rb8 34. b6 Nf7 35.
Rdc6 Kg7 36. R1c5 a4 37. f4 Be4 38. a3 Nd8 39. Rc8 1-0

[Event "Dresden zt 1.2"]
[Site "Dresden"]
[Date "1998.05.07"]
[Round "9"]
[White "Dautov, Rustem"]
[Black "Psakhis, Lev"]
[Result "0-1"]
[WhiteElo "2600"]
[BlackElo "2565"]
[Annotator "Dautov,R"]
[PlyCount "82"]
[EventDate "1998.04.28"]
[EventType "swiss"]
[EventRounds "11"]
[EventCountry "GER"]
[SourceTitle "CBM 065"]
[Source "ChessBase"]
[SourceDate "1998.08.06"]
[SourceVersion "1"]
[SourceVersionDate "1998.08.06"]
[SourceQuality "1"]

{[%mdl 8264]} 1. d4 {Stohl Psakhis} e6 2. c4 Nf6 3. Nf3 c5 4. d5 d6 5. Nc3 exd5
6. cxd5 g6 7. h3 ({Interesting is} 7. Qa4+ $5 {Stohl} Nbd7 8. Bf4 Nh5 9. Bg5 f6
10. Bh4 Kf7 11. e3 a6 12. Be2 b5 13. Qc2 Ng7 14. e4 Be7 15. a3 Rf8 16. O-O Kg8
17. Rae1 Ne5 18. Nd2 c4 19. b3 cxb3 20. Qxb3 Nd7 21. a4 Nc5 22. Qb4 bxa4 23.
Nxa4 a5 24. Qa3 Nxa4 25. Qxa4 Bd7 26. Qa3 f5 27. Bxe7 Qxe7 28. Bd3 $36 {
Monterde,R-Ventos Navarro,L/Santa Coloma/1994/}) 7... Bg7 8. e4 O-O 9. Be3 $6 {
Stohl: A rather strange new attempt instead of the usual and popular 9.Bd3.
White's K in the middle allows Black to initiate interesting tactics.} Qe7 $1
$146 (9... Re8 10. Nd2 (10. Bd3 Na6 (10... a6 11. a4 b6 12. Qd2 Bb7 13. Bh6 $2
Nxd5 14. Bxg7 Kxg7 15. Ne2 Nb4 16. h4 Nxd3+ 17. Qxd3 Bxe4 18. Qd2 Bxf3 19. gxf3
h5 20. O-O-O Nc6 21. Nf4 Nd4 22. Kb1 Re5 23. Qc3 Qf6 24. Ng2 Rae8 $19 {Zelon,
J-Grassi,E/Novi Sad olm/1990/}) 11. a3 Nc7 12. O-O b5 13. Rc1 b4 14. axb4 cxb4
15. Na2 Ba6 16. Nxb4 Bxd3 17. Qxd3 Nxe4 18. Rc4 Nf6 19. Rfc1 a5 20. Rxc7 axb4
21. Bg5 h6 $132 {Jeraj,Z-Krivec,J/Bled op/1997/}) 10... Bd7 11. a4 Na6 12. Be2
Nb4 13. O-O b6 14. Bf3 Bc8 15. Nc4 Ba6 16. b3 Nd7 17. Rc1 Ne5 $11 {Piket,
J-Topalov,V/Amber Rapid, Monte Carlo 1998} (17... Ne5 {Stohl} 18. Nb5 Bxb5 19.
axb5 a6 20. Nxe5 Bxe5 21. Be2 Bf6 22. f3 Qd7 23. bxa6 b5 24. Bd2 Nxa6 25. Kh1
Nc7 26. Bc3 Bxc3 27. Rxc3 Ra2 $15 {Piket,J-Topalov,V/Monte Carlo act/1998/})) (
9... b5 {Psakhis} 10. e5 (10. Bxb5 Nxe4 11. Nxe4 Qa5+ 12. Qd2 (12. Nc3 {Stohl}
Bxc3+ 13. bxc3 Qxb5 14. Rb1 Qc4 15. Qb3 Ba6 16. Kd1 Qe4 17. Nd2 Qxg2 18. Kc2 c4
19. Nxc4 Qxd5 20. Nd2 Qd3+ 21. Kb2 Nc6 22. Ka1 Rab8 23. Qa3 d5 24. Nf3 Rfc8 25.
Nd4 Ne5 26. Rhd1 Rxb1+ 27. Rxb1 Nc4 28. Qb4 Rc7 {0-1,Jaeschke,B-Kluss,K/
Kirchheim rapid/1990/}) 12... Qxb5 13. Nxd6 Qxb2 14. Rc1 Qxd2+ 15. Nxd2 Na6 16.
Bxc5) 10... Nfd7 11. exd6 a6) ({Similar to the game, but probably even more
convincing is} 9... a6 {Stohl} 10. a4 Re8 11. Nd2 Nxe4 $5 (11... Nbd7 $143 12.
Be2 Rb8 13. O-O Qc7 14. Qc2 h6 15. f4 Nb6 16. Bf2 Nbd7 17. Rae1 c4 18. Ba7 Ra8
19. Bd4 Nxe4 20. Bxg7 Qc5+ 21. Kh2 Nxd2 22. Bxh6 Nxf1+ 23. Rxf1 Qd4 24. f5 Ne5
25. Rf4 $40 {Neto,H-Mendes,F/POR-chT/1993/}) 12. Ndxe4 f5 13. Nxc5 $6 (13. Nxd6
Qxd6 14. Be2 f4 15. Bd2 f3 16. gxf3 Nd7 $44) 13... f4 14. Ne6 Bxe6 15. dxe6
fxe3 16. fxe3 Qh4+ 17. Kd2 Qb4 18. Kc2 Bxc3 19. bxc3 Qe4+ 20. Kb3 Nc6 21. Qxd6
Na5+ 22. Ka3 Rxe6 23. Qb4 Rc8 24. Qxe4 Rxe4 25. Kb2 Rxe3 26. Rc1 Re4 27. Ra1
Rf8 28. Rg1 Rf2+ 29. Ka3 Rc2 30. c4 Re3+ 31. Kb4 b6 {0-1,Zakrevskaja,D-Zykiene,
R/LTU-chW/1996/}) (9... Nbd7 {Stohl} 10. Nd2 Qe7 11. Be2 Ne8 12. O-O f5 13.
exf5 gxf5 14. Bf4 Ne5 15. Nf3 Ng6 16. Bg5 Qf7 17. Nh4 Bd7 18. Re1 Be5 19. Nxg6
hxg6 20. Bh6 Ng7 21. Bd3 a6 22. a4 Kh7 23. Bg5 Nh5 24. Qf3 Rae8 25. Kh1 Kg7 26.
Re2 Bf6 27. Bxf6+ Qxf6 28. Rae1 Rxe2 29. Rxe2 Re8 $11 {Diaz,J-Rodriguez
Gonzales,J/Capablanca mem/1968/}) 10. Nd2 (10. Qc2 Nxe4 11. Nxe4 f5 $36) (10.
e5 {Psakhis} Ne8) (10. Bd3 {Psakhis} b5 11. Nxb5 (11. Bxb5 Nxe4) 11... Nxe4 12.
Bxe4 (12. O-O a6) 12... Qxe4 13. Nc7 Bxb2 14. O-O (14. Nxa8 Ba6 $1 (14... Bxa1
15. Qxa1) 15. Nc7 Bc3+ 16. Nd2 Qxg2 $19) 14... Bxa1 15. Qxa1) 10... Nxe4 $1 (
10... Ne8 {Psakhis} 11. Be2 f5 12. exf5 gxf5 13. Bf4 Nd7 $13) 11. Ndxe4 (11.
Ncxe4 f5 12. Nxd6 Qxd6 (12... f4 13. Nxc8 Rxc8 14. Qg4 Rf8 15. Bc4 $16) 13. Nc4
Qa6 $36 (13... Qc7 {Stohl} 14. Qb3 $5 $13)) 11... f5 12. Nxd6 (12. Nxc5 $6 {
Stohl} f4 $40) (12. Bg5 {Stohl} Bxc3+ 13. bxc3 Qxe4+ $17) 12... Qxd6 13. Be2
Bxc3+ $6 {Stohl: Here the exchange is justified, although Black doesn't even
gain material (compare with Jussupow-Uhlmann).} (13... a6 14. a4 Nd7 15. O-O b6
{/\Bb7,><d5} (15... f4 16. Bd2 Ne5 17. Bf3 $11)) (13... f4 $143 {Stohl} 14. Bd2
{[%cal Yd1b3,Yc3e4] /\Qb3,Ne4}) 14. bxc3 f4 15. Bc1 Nd7 (15... Qe5 16. O-O (16.
Bb2 $140 {Psakhis} Re8 17. Qd2 c4 $13 (17... Bf5 18. c4 $16)) 16... Qxc3 17.
Rb1 $44) 16. c4 (16. O-O Ne5 {/\f3} 17. Bf3 b6 $15 {/\Ba6}) 16... Qf6 $2 (16...
Ne5 17. Bb2 f3 18. gxf3 $14) (16... Qe5 $1 17. Bd2 (17. Rb1 $2 Qe4 $17) 17...
Re8 18. Rc1 Nb6 19. Kf1 Bf5 20. Bc3 Qe4 21. Ba1 $13) 17. Rb1 Ne5 18. Rb3 $1 (
18. Bb2 $2 f3 19. gxf3 (19. Bxe5 {Stohl} Qxe5 20. gxf3 Bf5 21. Rb3 (21. Rxb7
Rab8 22. Rb3 Rxb3 23. axb3 Qc3+ $36) 21... Rae8 $44) (19. Bxf3 Nxf3+ 20. Qxf3
Qxf3 21. gxf3 Rxf3 $15 {[%csl Rc4,Rf2,Rh3] ק}) 19... Nxf3+ 20. Bxf3 Qxf3 21.
Qxf3 Rxf3 $15) (18. O-O $6 {Stohl} f3 19. Bxf3 Nxf3+ 20. Qxf3 Qxf3 21. gxf3
Bxh3 $15) 18... b6 19. O-O Bd7 (19... Ba6 20. Bb2 Qf5 21. Qc1 f3 22. gxf3 $16)
20. Bb2 Qg5 (20... Ba4 {Psakhis} 21. Qa1 Bxb3 (21... Rfe8 22. Ra3 Bc2 23. Bg4
$1 Bf5 24. Re1 Nf3+ 25. Rxf3 Rxe1+ 26. Qxe1 Qxb2 27. Bxf5 gxf5 28. Rxf4 $18) (
21... Rae8 {Stohl} 22. Ra3 $16) 22. Bxe5 Qg5 23. Bh8 $1 Rf7 24. axb3 $18) 21.
Qc1 $16 {/^a1-h8} (21. Qd2 $16) 21... Rae8 22. Re1 (22. Ra3 $1 $16 {/\Rd1,Bf1,
Qc3}) 22... Rf7 23. Bf1 $2 (23. Ra3 $1 Rfe7 24. Rd1 Bf5 25. Bf1 Be4 26. Kh1 $16
{/\Qc3}) 23... Rfe7 24. Re2 (24. Qc3 $2 Nf3+ 25. Kh1 Nd4 $17 (25... Nd4 {
Psakhis} 26. Rxe7 Qxe7 $36)) (24. Kh1 $2 Nd3 25. Rxe7 Nxc1 $17) (24. Rd1 $5 Ba4
25. Qc3 (25. Rg3 {Psakhis} Qh5) (25. d6 {Psakhis} Bxb3 26. axb3 Rd7) 25... Bxb3
26. axb3 Rd7 27. d6 Re6 (27... Kf7 28. Rd5 Kf6 29. b4 $13) 28. Rd5 Rdxd6 29.
Rxd6 Rxd6 30. Qxe5 Qxe5 31. Bxe5 Rd1 32. Bb8 (32. Bxf4 Rb1 33. Bb8 a5) 32...
Ra1 33. f3 Ra3 $13) (24. Rxe5 Rxe5 25. Bxe5 Qxe5 $11) (24. Re4 $2 {Stohl} Nf3+
25. Rxf3 Rxe4 $17) 24... h6 $1 {/\f3} 25. Qc3 (25. Ra3 f3 26. Qxg5 fxe2 $1 27.
Qxe7 $8 (27. Qc1 $2 e1=Q $19) (27. Qxh6 e1=Q 28. Re3 Qb1 $19) 27... exf1=Q+ 28.
Kxf1 Rxe7 29. Re3 Nc6 30. dxc6 Rxe3 31. fxe3 Bxc6 $11 (31... Bxc6 {Stohl} 32.
g4 $15)) (25. Rxe5 $11) (25. Ra3 $5 {Psakhis}) (25. Kh1 $142 $5 {Stohl} Qh4 $13
(25... f3 $6 26. Qxg5 hxg5 (26... fxe2 27. Qc1 $1 Nd3 28. Rxd3 e1=Q 29. Qxh6
Qxf1+ 30. Kh2 $18) 27. gxf3 $16) (25... Nd3 $2 26. Rxd3 Rxe2 27. Bxe2 Rxe2 28.
Qc3 $18)) 25... f3 26. Rxe5 (26. Re4 $5 {Stohl} Bf5 $15 (26... Bxh3 27. Bc1
fxg2 28. Be2 Qf5 29. Rf4 Nf3+ 30. Qxf3 Rxe2 31. Qxh3 Qxh3 32. Rxh3 Re1+ 33.
Kxg2 Rxc1 34. Rxh6 Kg7 $11)) 26... Rxe5 27. Qxf3 Re4 (27... Rf5 $2 28. Qc3 Rfe5
29. g3 $18) 28. Qc3 $138 Rd4 $11 (28... R8e5 {Stohl} 29. Qf3 Re8 30. Qc3 $11)
29. Qf3 (29. Qc2 {Stohl} Bf5 $19) 29... Rf8 $138 (29... Rf4 30. Qc3 $11) (29...
Rde4 $1 $11 {Psakhis}) 30. Qg3 (30. Qe2 {Stohl} Rd2 $19) 30... Rdf4 (30... Rd1
31. Qxg5 (31. Qd6 Be8 $1 $13 (31... Qf5 $2 32. Rf3 Rxf1+ 33. Kh2 $16) (31...
Qf5 $1 $17)) (31. Qc3 {Psakhis} Rd4 $11) 31... hxg5 32. Re3 Re8) (30... Qxg3 $5
{Stohl} 31. Rxg3 Rd1 32. Rxg6+ Kf7 $15 33. Rxh6 $2 Bf5 $19) 31. Qc3 (31. Bc1
Qxg3 32. Rxg3 Rxf2 33. Rxg6+ Kf7 $13) (31. Qxg5 $5 hxg5 32. f3 g4 33. hxg4 Bxg4
$11) (31. Bc1 $1 $16 {Psakhis}) 31... Rd4 32. Qg3 Rdf4 33. Qc3 R4f6 $2 (33...
Rd4 $11) (33... R8f6 $2 {Stohl} 34. Bc1 $16) 34. f3 $2 {Stohl: A tactical
oversight in a still unclear situation.} (34. Ra3 $1 Qf4 (34... a5 35. Rb3 $16)
(34... Bxh3 {Psakhis} 35. Qxh3 (35. Rxa7 {Stohl} Qf4 $13) 35... Rxf2 36. Rg3
Rxf1+ 37. Kh2 Qf5 38. Qxh6 $16) 35. f3 Qc7 36. Qe3 $18) (34. Bc1 {Stohl} Qh4 $1
35. g3 Qh5 $17) 34... Bxh3 35. Qe3 $4 (35. Qe5 Qxe5 (35... Bf5 $2 36. Ra3 a5
37. f4 Qh5 (37... Qh4 38. g3 $16) 38. Be2 $16) 36. Bxe5 Bd7 (36... Bf5 $11 {
Psakhis}) 37. Bxf6 Rxf6 $11) (35. Ra3 $5) (35. Bc1 $142 {Stohl} Qg3 36. Bxh6
Bxg2 37. Bxg2 Re8 38. Kf1 $8 (38. Rb1 Re2 $19) 38... g5 $1 39. Bxg5 Qxg5 $17 {
->}) (35. Kh2 {Stohl} Bd7 $17) 35... Rxf3 $19 36. Qxg5 Rxf1+ 37. Kh2 hxg5 38.
Rxh3 (38. gxh3 {Stohl} R8f3 $19) 38... R8f2 39. Be5 Re2 40. Rh8+ Kf7 41. Rh7+
Ke8 (41... Ke8 {Psakhis} 42. Bg3 (42. Bc3 {Stohl} Rf4 $19) (42. Rh8+ Rf8 $19)
42... Rxa2 $19) 0-1